[Event "TCh-TUR 2014"]
[Site "Konya TUR"]
[Date "2014.06.24"]
[Round "3.1"]
[White "Abasov, Nijat"]
[Black "Iordachescu, Viorel"]
[Result "1/2-1/2"]
[WhiteTitle "GM"]
[BlackTitle "GM"]
[WhiteElo "2531"]
[BlackElo "2587"]
[WhiteTeam "Callica Genclik Ve Spor Kulubu"]
[BlackTeam "Denizli Pamukkale Universitesi"]
[WhiteFideId "13402960"]
[BlackFideId "13900200"]
[EventDate "2014.06.23"]

1. e4 c6 2. d4 d5 3. Nc3 dxe4 4. Nxe4 Bf5 5. Ng3 Bg6 6. h4 h6 7. Nf3 Nd7 8. h5
Bh7 9. Bd3 Bxd3 10. Qxd3 Ngf6 11. Bd2 e6 12. O-O-O Qc7 13. Qe2 O-O-O 14. Ne5 Nb6
15. Ba5 Rd5 16. Bxb6 axb6 17. c4 Ra5 18. Kb1 Bd6 19. f4 Kb8 20. Ne4 Nxe4 21.
Qxe4 Rc8 22. g4 Ra4 23. b3 1/2-1/2

[Event "TCh-TUR 2014"]
[Site "Konya TUR"]
[Date "2014.06.24"]
[Round "3.1"]
[White "Eminov, Orkhan"]
[Black "Abdulov, Orkhan"]
[Result "1/2-1/2"]
[BlackTitle "IM"]
[WhiteElo "2254"]
[BlackElo "2348"]
[WhiteTeam "Denizli Pamukkale Universitesi"]
[BlackTeam "Callica Genclik Ve Spor Kulubu"]
[WhiteFideId "13402153"]
[BlackFideId "13402714"]
[EventDate "2014.06.23"]

1. e4 g6 2. d4 Bg7 3. c4 c6 4. Nc3 d5 5. cxd5 cxd5 6. Bb5+ Bd7 7. Bxd7+ Qxd7 8.
Nxd5 e6 9. Nc3 Bxd4 10. Nge2 Bxc3+ 11. Nxc3 Qxd1+ 12. Kxd1 Nc6 13. Be3 Nge7 14.
Ke2 O-O-O 15. Rhd1 Rxd1 16. Rxd1 Rd8 17. Rxd8+ Kxd8 18. Bg5 Kd7 19. Bxe7 Kxe7
20. f3 Kd6 21. Kd3 Kc5 22. f4 b5 23. e5 Nb4+ 24. Ke3 Nc2+ 25. Kd2 Nb4 26. Ke3
Nc2+ 27. Kd2 Nb4 28. Ke3 1/2-1/2

[Event "TCh-TUR 2014"]
[Site "Konya TUR"]
[Date "2014.06.24"]
[Round "3.1"]
[White "Metin, Mehmet"]
[Black "Polatel, Ali"]
[Result "0-1"]
[WhiteElo "2183"]
[BlackElo "2177"]
[WhiteTeam "Callica Genclik Ve Spor Kulubu"]
[BlackTeam "Denizli Pamukkale Universitesi"]
[WhiteFideId "6303730"]
[BlackFideId "6303196"]
[EventDate "2014.06.23"]

1. d4 g6 2. Nf3 Nf6 3. Bf4 c5 4. c3 Qb6 5. Qb3 d6 6. dxc5 Qxc5 7. Be3 Qc7 8. Na3
Nc6 9. Nd4 Bg7 10. h3 O-O 11. g3 Nxd4 12. Bxd4 e5 13. Be3 Be6 14. Qa4 Bd5 15.
Rg1 a6 16. Bg2 b5 17. Qd1 Bxg2 18. Rxg2 a5 19. f3 Qc6 20. Kf2 Nd5 21. Qd2 Nxe3
22. Qxe3 b4 23. Nb1 Rfc8 24. Rg1 d5 25. cxb4 e4 26. Nd2 Bxb2 27. Rab1 Qf6 28.
Qf4 e3+ 29. Kxe3 Qb6+ 0-1

[Event "TCh-TUR 2014"]
[Site "Konya TUR"]
[Date "2014.06.24"]
[Round "3.1"]
[White "Ozturk, Emir"]
[Black "Yelligedik, Murat"]
[Result "1/2-1/2"]
[WhiteElo "2170"]
[BlackElo "1846"]
[WhiteTeam "Denizli Pamukkale Universitesi"]
[BlackTeam "Callica Genclik Ve Spor Kulubu"]
[WhiteFideId "6302408"]
[BlackFideId "6366457"]
[EventDate "2014.06.23"]

1. d4 Nf6 2. Nf3 e6 3. Bf4 c5 4. c3 b6 5. e3 Bb7 6. Nbd2 Be7 7. h3 O-O 8. Be2 d5
9. O-O c4 10. Ne5 b5 11. b4 a5 12. a3 Nbd7 13. Qc2 Qb6 14. Bf3 Ra6 15. e4 Rfa8
16. Nxd7 Nxd7 17. Rac1 axb4 18. axb4 dxe4 19. Nxe4 Nf6 20. Nxf6+ Bxf6 21. Qe2
Bxf3 22. Qxf3 Qc6 23. Qg3 Ra3 24. Be5 Bxe5 25. Qxe5 Qd5 26. Qf4 h6 27. Rfe1 Rb3
28. Re5 Qb7 29. Rc5 Rf8 30. Qe5 Qa6 31. Rxb5 Rxc3 32. Re1 Qa3 33. Re4 Qc1+ 34.
Kh2 Qg5 35. Qxg5 hxg5 36. Rxg5 Rb8 37. d5 exd5 38. Rxd5 g6 39. Rd7 Rf8 40. Rc7
Rc2 41. Rexc4 Rxf2 42. Rc2 Rf4 43. Rb7 Rd8 44. b5 Rdd4 45. Rb2 Rb4 46. Rxb4 Rxb4
47. Kg3 Rb2 48. Kf3 Kg7 49. Rb6 Kh7 50. g3 Rb4 51. h4 Kg7 52. g4 Rb3+ 53. Kf2
Rb4 54. h5 Rxg4 55. hxg6 fxg6 56. Rc6 Rb4 57. b6 Kh6 58. Ke3 Kh5 59. Kd3 g5 60.
Kc3 Rb1 61. Kc4 Kh4 62. Rh6+ Kg3 63. Kc5 g4 64. Kc6 Kg2 65. Kc7 g3 66. b7 Rxb7+
67. Kxb7 Kf2 1/2-1/2

[Event "TCh-TUR 2014"]
[Site "Konya TUR"]
[Date "2014.06.24"]
[Round "3.1"]
[White "Simsek, Meltem"]
[Black "Kashlinskaya, Alina"]
[Result "0-1"]
[BlackTitle "WGM"]
[WhiteElo "1731"]
[BlackElo "2419"]
[WhiteTeam "Callica Genclik Ve Spor Kulubu"]
[BlackTeam "Denizli Pamukkale Universitesi"]
[WhiteFideId "6306594"]
[BlackFideId "4198026"]
[EventDate "2014.06.23"]

1. d4 Nf6 2. c4 c5 3. e3 g6 4. Nc3 Bg7 5. Nge2 O-O 6. Ng3 cxd4 7. exd4 d5 8. Bg5
Nc6 9. Be3 dxc4 10. Bxc4 Ng4 11. Nge2 e5 12. dxe5 Nxe3 13. fxe3 Qh4+ 14. g3 Qxc4
15. O-O Nxe5 16. Rf4 Qc5 17. Nd4 b6 18. Ne4 Qe7 19. Qb3 Bb7 20. Raf1 Bxe4 21.
Rxe4 Nf3+ 22. Rxf3 Qxe4 23. Rf4 Qe7 0-1

[Event "TCh-TUR 2014"]
[Site "Konya TUR"]
[Date "2014.06.24"]
[Round "3.1"]
[White "Komut, Kaan"]
[Black "Zor, Alber Kadir"]
[Result "1/2-1/2"]
[WhiteElo "1945"]
[BlackElo "1963"]
[WhiteTeam "Denizli Pamukkale Universitesi"]
[BlackTeam "Callica Genclik Ve Spor Kulubu"]
[WhiteFideId "6309992"]
[BlackFideId "6353169"]
[EventDate "2014.06.23"]

1. e4 c6 2. d4 d5 3. Nd2 dxe4 4. Nxe4 Bf5 5. Ng3 Bg6 6. Bc4 e6 7. N1e2 Bd6 8.
Nf4 Qc7 9. Nfh5 Bxh5 10. Nxh5 g6 11. Ng3 Nd7 12. Qe2 Ngf6 13. Ne4 O-O 14. h3
Rac8 15. Nxf6+ Nxf6 16. O-O Bh2+ 17. Kh1 Bf4 18. Qf3 Bxc1 19. Raxc1 Kg7 20. Rfd1
Rfd8 21. c3 Rd7 22. Rd3 Rcd8 23. Rcd1 Qa5 24. Kg1 h5 25. b4 Qg5 26. Re1 h4 27.
Re5 Qh6 28. Rde3 Nd5 29. Bxd5 Rxd5 30. Qe4 Kg8 31. a4 a6 32. a5 Kg7 33. Kf1 g5
34. Rf3 Qg6 35. Qxg6+ Kxg6 36. Rfe3 Rxe5 37. Rxe5 Rd5 38. Re3 Kf6 39. Ke2 Ke7
40. Kd3 Rf5 41. f3 Kd6 42. Kc4 f6 43. Kd3 Kd7 44. Kc4 Kd6 45. Kd3 Kd7 46. Ke4
Rf4+ 47. Kd3 1/2-1/2

[Event "TCh-TUR 2014"]
[Site "Konya TUR"]
[Date "2014.06.24"]
[Round "3.1"]
[White "Caglar, Ahmet Ata"]
[Black "Dogan, Mire Deniz"]
[Result "1-0"]
[WhiteElo "1841"]
[BlackElo "1825"]
[WhiteTeam "Callica Genclik Ve Spor Kulubu"]
[BlackTeam "Denizli Pamukkale Universitesi"]
[WhiteFideId "6328636"]
[BlackFideId "6317456"]
[EventDate "2014.06.23"]

1. d4 d5 2. c4 e6 3. Nc3 Nf6 4. Bg5 Nbd7 5. e3 c6 6. Nf3 Qa5 7. cxd5 exd5 8. Nd2
Bb4 9. Qc2 O-O 10. Be2 Re8 11. O-O Bxc3 12. bxc3 h6 13. Bf4 Ne4 14. Nxe4 Rxe4
15. f3 Re8 16. e4 Nf6 17. e5 Nd7 18. Bd2 Nb6 19. f4 Qa4 20. Qd3 Nc4 21. f5 Nxd2
22. Qxd2 Kh7 23. Bd3 Qa3 24. Rf3 Qf8 25. f6+ g6 26. Rg3 h5 27. Rg5 Qh6 28. Qf4
Rh8 29. Rf1 Be6 30. Qh4 Kg8 31. Rf3 Kf8 32. Qf4 Rh7 33. h4 Ke8 34. Qc1 Kd7 35.
Qa3 Qf8 36. Qb3 b5 37. Rf1 a6 38. a4 Rb8 39. axb5 axb5 40. Ra1 Ra8 41. Rxa8 Qxa8
42. Qb4 Qe8 43. Qd6+ Kc8 44. Rg3 Rh8 45. Rf3 Kb7 46. Rf1 Qf8 47. Qxf8 Rxf8 48.
Ra1 Rc8 49. Kf2 Kb6 50. Ke3 Rc7 51. Ra8 Rc8 52. Rxc8 Bxc8 53. Bxg6 Be6 54. Bxh5
Kc7 55. Be2 Kd7 56. h5 1-0

[Event "TCh-TUR 2014"]
[Site "Konya TUR"]
[Date "2014.06.24"]
[Round "3.1"]
[White "Ayan, Bengu Sena"]
[Black "Incecik, Seyma Zeynep"]
[Result "0-1"]
[WhiteElo "1549"]
[BlackElo "1477"]
[WhiteTeam "Denizli Pamukkale Universitesi"]
[BlackTeam "Callica Genclik Ve Spor Kulubu"]
[WhiteFideId "6346120"]
[BlackFideId "6374948"]
[EventDate "2014.06.23"]

1. e4 e5 2. Nf3 Nc6 3. Bb5 f5 4. d3 fxe4 5. dxe4 Nf6 6. Nbd2 Bc5 7. O-O d6 8.
Bc4 Na5 9. Qe2 Nxc4 10. Qxc4 Qe7 11. Nb3 Bb6 12. a4 a6 13. a5 Ba7 14. Bg5 Be6
15. Qb4 Rb8 16. Rad1 Qf7 17. Nbd2 O-O 18. Bh4 h6 19. Kh1 Nh5 20. Bg3 Qd7 21. Nc4
Qb5 22. Qxb5 axb5 23. Na3 Nxg3+ 24. fxg3 b4 25. Nb1 Bc4 26. Rfe1 Bf2 27. Nbd2
Bxe1 28. Rxe1 Be6 29. Kg1 Ra8 30. Ra1 Ra6 31. Ra4 b5 32. Rxb4 Rxa5 33. Nb3 c5
34. Nxa5 cxb4 35. Nc6 b3 36. c3 Ra8 37. Nb4 Ra2 38. Nd3 Bc4 39. Nfe1 Kf7 40. Kf2
Bxd3 41. Nxd3 Ke6 42. Ke3 d5 43. exd5+ Kxd5 44. Nb4+ Kc4 45. Nd3 Rxb2 46. Nxb2+
Kxc3 47. Nd1+ Kc2 48. Ke2 b2 49. Nxb2 Kxb2 50. Kd3 b4 51. Kc4 b3 52. Kd5 Kc3 0-1

[Event "TCh-TUR 2014"]
[Site "Konya TUR"]
[Date "2014.06.24"]
[Round "3.2"]
[White "Volkov, Sergey"]
[Black "Kuljasevic, Davorin"]
[Result "1-0"]
[WhiteTitle "GM"]
[BlackTitle "GM"]
[WhiteElo "2579"]
[BlackElo "2564"]
[WhiteTeam "Kocaeli Buyuksehir Belediyesi Kagit Spor"]
[BlackTeam "Alapli Aktif Genclik Spor Kulubu"]
[WhiteFideId "4122763"]
[BlackFideId "14506661"]
[EventDate "2014.06.23"]

1. d4 Nf6 2. c4 e6 3. Nc3 Bb4 4. f3 d5 5. a3 Bxc3+ 6. bxc3 c5 7. cxd5 exd5 8. e3
O-O 9. Bd3 b6 10. Ne2 Ba6 11. O-O Re8 12. Ng3 Bxd3 13. Qxd3 Nc6 14. Ra2 Qd7 15.
Re2 Re6 16. Rfe1 Rd8 17. Bb2 cxd4 18. cxd4 Ne8 19. Rd1 Ne7 20. e4 Rc8 21. Rde1
Nd6 22. Nh5 Ng6 23. e5 Qb5 24. Qb1 Nc4 25. f4 Nh4 26. f5 Rh6 27. Nf4 g5 28. fxg6
fxg6 29. Qd3 Nf5 30. Bc1 Rh4 31. h3 Rf8 32. g4 1-0

[Event "TCh-TUR 2014"]
[Site "Konya TUR"]
[Date "2014.06.24"]
[Round "3.2"]
[White "Swayams, Mishra"]
[Black "Nikolova, Adriana"]
[Result "1/2-1/2"]
[WhiteTitle "IM"]
[BlackTitle "WGM"]
[WhiteElo "2457"]
[BlackElo "2303"]
[WhiteTeam "Alapli Aktif Genclik Spor Kulubu"]
[BlackTeam "Kocaeli Buyuksehir Belediyesi Kagit Spor"]
[WhiteFideId "5028183"]
[BlackFideId "2908689"]
[EventDate "2014.06.23"]

1. d4 d5 2. c4 c6 3. Nf3 Nf6 4. e3 Bg4 5. h3 Bxf3 6. Qxf3 e6 7. Bd3 Nbd7 8. O-O
Bd6 9. Nc3 O-O 10. e4 dxc4 11. Bxc4 e5 12. d5 Nb6 13. Bb3 cxd5 14. exd5 h6 15.
Rd1 a6 16. Be3 Rc8 17. Qe2 Re8 18. Rac1 Nbd7 19. Bc2 e4 20. g3 Be5 21. Nxe4 Nxe4
22. Bxe4 Rxc1 23. Rxc1 Bxg3 24. Qc2 Bxf2+ 25. Bxf2 Rxe4 26. Qc8 Re8 27. Qxd8
Rxd8 28. Rc7 Ne5 29. Rxb7 Rxd5 30. a4 Rd1+ 31. Kg2 Rd2 32. Kf1 Nd3 33. Bd4 Nf4
34. Be3 Rd3 35. Kf2 Nd5 36. Bc5 Rxh3 37. a5 g5 38. b4 Rb3 39. Ke2 Nc3+ 40. Kd3
Na4+ 41. Kc4 Nxc5 42. Rb6 Rb1 43. bxc5 Rc1+ 44. Kd5 Rd1+ 45. Ke5 Re1+ 46. Kd5
Rd1+ 47. Ke5 Re1+ 48. Kd5 Rd1+ 1/2-1/2

[Event "TCh-TUR 2014"]
[Site "Konya TUR"]
[Date "2014.06.24"]
[Round "3.2"]
[White "Yeke, Serkan"]
[Black "Zuhre, Kayra"]
[Result "0-1"]
[WhiteTitle "FM"]
[WhiteElo "2235"]
[BlackElo "2034"]
[WhiteTeam "Kocaeli Buyuksehir Belediyesi Kagit Spor"]
[BlackTeam "Alapli Aktif Genclik Spor Kulubu"]
[WhiteFideId "6301142"]
[BlackFideId "6305601"]
[EventDate "2014.06.23"]

1. c4 f5 2. Nc3 Nf6 3. g3 e6 4. Bg2 d5 5. d4 c6 6. Nh3 Bd6 7. O-O O-O 8. Bf4 Qe7
9. c5 Bxf4 10. gxf4 Nbd7 11. b4 Ng4 12. e4 dxe4 13. Nxe4 Nxh2 14. Kxh2 fxe4 15.
Qb3 Nf6 16. Rae1 Qd8 17. Ng5 Qxd4 18. Rd1 Ng4+ 19. Kg1 Qf6 20. Qh3 Nh6 21. Bxe4
Qxf4 22. Qg3 Qxg3+ 23. fxg3 Nf5 24. g4 h6 25. Nxe6 Bxe6 26. gxf5 Bxa2 27. Rd7
Rae8 28. Bg2 Rf7 29. Rfd1 Re1+ 30. Rxe1 Rxd7 31. Ra1 Rd2 32. b5 Bd5 33. Bxd5+
Rxd5 34. Rxa7 cxb5 0-1

[Event "TCh-TUR 2014"]
[Site "Konya TUR"]
[Date "2014.06.24"]
[Round "3.2"]
[White "Ozdemir, Serhan Berat"]
[Black "Ari, Zeki"]
[Result "0-1"]
[BlackTitle "FM"]
[WhiteElo "1597"]
[BlackElo "2205"]
[WhiteTeam "Alapli Aktif Genclik Spor Kulubu"]
[BlackTeam "Kocaeli Buyuksehir Belediyesi Kagit Spor"]
[WhiteFideId "6374611"]
[BlackFideId "6300421"]
[EventDate "2014.06.23"]

1. e4 c5 2. Nf3 Nc6 3. d4 cxd4 4. Nxd4 e5 5. Nb5 a6 6. Nd6+ Bxd6 7. Qxd6 Qf6 8.
Qxf6 Nxf6 9. Nc3 d5 10. Bd3 d4 11. Ne2 Be6 12. O-O Nd7 13. a3 Nc5 14. Bd2 Rc8
15. b4 Nxd3 16. cxd3 Kd7 17. Rac1 Na7 18. f4 f6 19. fxe5 fxe5 20. Ng3 Rxc1 21.
Rxc1 Rf8 22. Rc5 Kd6 23. Rc1 g6 24. a4 Rc8 25. Rxc8 Nxc8 26. a5 Na7 27. Kf2 Bg4
28. Ke1 Kc6 29. h3 Be6 30. Kd1 Kb5 31. Ne2 Nc6 32. Ng1 Nxb4 33. Bxb4 Kxb4 34.
Nf3 Kxa5 35. Nxe5 Kb4 36. Kc2 a5 37. Nf3 Kc5 38. Ng5 Bg8 39. Nf3 b5 40. Nh2 b4
41. Ng4 a4 42. Nf6 b3+ 43. Kb2 Kb4 44. Nxg8 a3+ 45. Kc1 Kc3 46. Nf6 b2+ 47. Kb1
Kb3 0-1

[Event "TCh-TUR 2014"]
[Site "Konya TUR"]
[Date "2014.06.24"]
[Round "3.2"]
[White "Yilmaz, Ezgi"]
[Black "Akar, Nilay"]
[Result "1-0"]
[WhiteElo "1875"]
[BlackElo "1553"]
[WhiteTeam "Kocaeli Buyuksehir Belediyesi Kagit Spor"]
[BlackTeam "Alapli Aktif Genclik Spor Kulubu"]
[WhiteFideId "6303340"]
[BlackFideId "6331769"]
[EventDate "2014.06.23"]

1. e4 c5 2. Nf3 Nc6 3. d4 cxd4 4. Nxd4 Nf6 5. Nc3 e6 6. Be3 Bb4 7. Bd3 d5 8.
exd5 Nxd5 9. Nxc6 Bxc3+ 10. bxc3 bxc6 11. Bd2 Qf6 12. O-O Nxc3 13. Bxc3 Qxc3 14.
Qf3 Bd7 15. Rab1 Ke7 16. Rb3 Qf6 17. Qg3 Rhd8 18. Rfb1 h6 19. h3 a5 20. Rb7 Kf8
21. Qd6+ Qe7 22. Qc7 a4 23. Be4 Rac8 24. Qb6 Qf6 25. Qb4+ c5 26. Qa5 Be8 27.
R7b6 Qe5 28. Bd3 Qc7 29. Qc3 Kg8 30. Rb7 Qf4 31. Re1 Rd6 32. Rbb1 Rd4 33. Re3 c4
34. Bf1 Rcd8 35. Rg3 f6 36. Re1 e5 37. Rg4 Qf5 38. Bxc4+ Bf7 39. Bd3 Qd7 40.
Rxd4 exd4 41. Qa3 Re8 42. Rb1 Re5 43. Rb8+ Be8 44. Qb4 f5 45. Bc4+ Kh7 46. h4
Qa7 47. Rb7 Qc5 48. Bd3 Qxb4 49. Rxb4 Rd5 50. g4 g6 51. gxf5 gxf5 52. Kh2 Kg6
53. Kg3 Kh5 54. Rb6 Bd7 55. Be2# 1-0

[Event "TCh-TUR 2014"]
[Site "Konya TUR"]
[Date "2014.06.24"]
[Round "3.2"]
[White "Eldemir, Goksu"]
[Black "Gundogan, Cem"]
[Result "1/2-1/2"]
[WhiteElo "1701"]
[BlackElo "2054"]
[WhiteTeam "Alapli Aktif Genclik Spor Kulubu"]
[BlackTeam "Kocaeli Buyuksehir Belediyesi Kagit Spor"]
[WhiteFideId "6336728"]
[BlackFideId "6311032"]
[EventDate "2014.06.23"]

1. e4 e6 2. d4 d5 3. Nc3 Bb4 4. e5 c5 5. Bd2 Ne7 6. Nb5 Bxd2+ 7. Qxd2 O-O 8. c3
Nbc6 9. f4 cxd4 10. cxd4 Qb6 11. Nf3 Bd7 12. Nc3 Nf5 13. Rd1 Na5 14. b3 Rac8 15.
Bd3 Qb4 16. Rc1 g6 17. Bxf5 gxf5 18. O-O Kh8 1/2-1/2

[Event "TCh-TUR 2014"]
[Site "Konya TUR"]
[Date "2014.06.24"]
[Round "3.2"]
[White "Kilic, Efe Mert"]
[Black "Salur, Ozgun"]
[Result "1-0"]
[WhiteElo "1859"]
[BlackElo "1511"]
[WhiteTeam "Kocaeli Buyuksehir Belediyesi Kagit Spor"]
[BlackTeam "Alapli Aktif Genclik Spor Kulubu"]
[WhiteFideId "6354327"]
[BlackFideId "6329560"]
[EventDate "2014.06.23"]

1. e4 c5 2. Nf3 Nc6 3. Bb5 Qc7 4. O-O e6 5. c3 Nf6 6. Re1 a6 7. Bf1 Be7 8. d4
O-O 9. e5 Ne8 10. Bf4 d5 11. exd6 Bxd6 12. Bxd6 Qxd6 13. dxc5 Qxc5 14. Nbd2 Nf6
15. Nb3 Qb6 16. Bd3 Rd8 17. Qe2 Bd7 18. Rad1 Rac8 19. g4 Nxg4 20. Bxh7+ Kxh7 21.
Ng5+ Kg8 22. Qxg4 g6 23. Nxf7 Kxf7 24. Rxd7+ Rxd7 25. Qxe6+ Kf8 26. Qxd7 Rd8 27.
Qg4 Ne7 28. Nd4 Rd6 29. Qf4+ Rf6 30. Re6 1-0

[Event "TCh-TUR 2014"]
[Site "Konya TUR"]
[Date "2014.06.24"]
[Round "3.2"]
[White "Akgul, Beyza"]
[Black "Gundogan, Sinem Cagla"]
[Result "0-1"]
[WhiteElo "1553"]
[BlackElo "1770"]
[WhiteTeam "Alapli Aktif Genclik Spor Kulubu"]
[BlackTeam "Kocaeli Buyuksehir Belediyesi Kagit Spor"]
[WhiteFideId "6325556"]
[BlackFideId "6325378"]
[EventDate "2014.06.23"]

1. e4 e5 2. Nf3 Nc6 3. Nc3 Nf6 4. d4 exd4 5. Nxd4 Bc5 6. Be3 Nxd4 7. Bxd4 Bxd4
8. Qxd4 d6 9. O-O-O O-O 10. e5 Ng4 11. exd6 cxd6 12. h3 Ne5 13. Qxd6 Qg5+ 14.
Kb1 Be6 15. Qb4 Qf5 16. f4 Nc6 17. Qe4 Qa5 18. Bd3 g6 19. a3 Rfe8 20. Qa4 Qxa4
21. Nxa4 Ne7 22. Nc3 a6 23. g4 Nd5 24. Ne4 Red8 25. Rdf1 Rac8 26. Rf3 f5 27.
gxf5 Bxf5 28. Rg1 b5 29. Nf6+ Nxf6 30. Bxf5 Rc6 31. Bd3 Nd5 32. f5 Rf6 33. Be4
Kg7 34. h4 Ne7 35. h5 Rd4 36. Bd3 Rd5 37. hxg6 hxg6 38. Be4 Re5 39. Rf4 Nxf5 40.
Bxf5 Rexf5 41. Rxf5 Rxf5 42. Rd1 Rf6 43. Rd4 g5 44. c4 bxc4 45. Rxc4 Kg6 46. Kc2
Kh5 47. Rc5 Kh4 48. b4 g4 49. Kd2 g3 50. Rc1 g2 51. Ke2 Kg3 52. a4 Rf2+ 0-1

[Event "TCh-TUR 2014"]
[Site "Konya TUR"]
[Date "2014.06.24"]
[Round "3.3"]
[White "Fedorchuk, Sergey A."]
[Black "Grigorov, Grigor"]
[Result "1/2-1/2"]
[WhiteTitle "GM"]
[BlackTitle "GM"]
[WhiteElo "2655"]
[BlackElo "2494"]
[WhiteTeam "Kayseri Seker Spor Kulubu"]
[BlackTeam "Karaman Saglik Spor Kulubu"]
[WhiteFideId "14102536"]
[BlackFideId "2907313"]
[EventDate "2014.06.23"]

1. e4 g6 2. d4 Bg7 3. Nc3 c6 4. Nf3 d6 5. Be3 Nf6 6. h3 O-O 7. Qd2 Nbd7 8. Bd3
e5 9. O-O Re8 10. Rfe1 exd4 11. Nxd4 Nc5 12. Bh6 Bxh6 13. Qxh6 Qb6 14. Nb3 Nxd3
15. cxd3 Be6 16. Nd2 Qxb2 17. Rac1 Kh8 18. Nf3 Ng8 19. Qf4 Rad8 20. d4 Kg7 21.
d5 Bc8 22. dxc6 bxc6 23. e5 dxe5 24. Nxe5 f6 25. Nf3 Rxe1+ 26. Rxe1 Qxc3 27.
Qc7+ Rd7 28. Qxc8 Rf7 29. Qd8 Rf8 30. Qd7+ Rf7 31. Qd8 Rf8 32. Qd7+ Rf7 1/2-1/2

[Event "TCh-TUR 2014"]
[Site "Konya TUR"]
[Date "2014.06.24"]
[Round "3.3"]
[White "Enchev, Ivajlo"]
[Black "Javakhishvili, Lela"]
[Result "1/2-1/2"]
[WhiteTitle "IM"]
[BlackTitle "IM"]
[WhiteElo "2421"]
[BlackElo "2474"]
[WhiteTeam "Karaman Saglik Spor Kulubu"]
[BlackTeam "Kayseri Seker Spor Kulubu"]
[WhiteFideId "2907712"]
[BlackFideId "13601458"]
[EventDate "2014.06.23"]

1. d4 Nf6 2. c4 e6 3. Nc3 Bb4 4. Qc2 d6 5. Nf3 Nbd7 6. a3 Bxc3+ 7. Qxc3 O-O 8.
g3 a5 9. b3 b6 10. Bg2 Ba6 11. Nd2 d5 12. O-O c5 13. dxc5 Nxc5 14. b4 Ncd7 15.
cxd5 exd5 16. Re1 Re8 17. Bb2 Rc8 18. Qd4 Nf8 19. bxa5 bxa5 20. Qh4 Rxe2 21.
Rxe2 Bxe2 22. Bxf6 Qxf6 23. Qxf6 gxf6 24. Bxd5 Rd8 25. Ne4 Kg7 26. Nc3 Bg4 27.
Rb1 Rc8 28. Ne4 Ne6 29. Kg2 Rd8 30. Nc3 Bf5 31. Rd1 Rc8 32. Nb5 Rc2 33. h4 Bg4
34. Rd3 Be2 35. Rc3 Rd2 36. Bc4 Bxc4 37. Rxc4 f5 38. Na7 Rd4 39. Rc3 f4 40. Nc6
Ra4 41. Rb3 fxg3 42. fxg3 Nd4 43. Nxd4 Rxd4 1/2-1/2

[Event "TCh-TUR 2014"]
[Site "Konya TUR"]
[Date "2014.06.24"]
[Round "3.3"]
[White "Kanmazalp, Ogulcan"]
[Black "Donmez, Yusuf"]
[Result "1-0"]
[WhiteTitle "IM"]
[WhiteElo "2441"]
[BlackElo "2055"]
[WhiteTeam "Kayseri Seker Spor Kulubu"]
[BlackTeam "Karaman Saglik Spor Kulubu"]
[WhiteFideId "6304990"]
[BlackFideId "6301967"]
[EventDate "2014.06.23"]

1. e4 d6 2. d4 Nf6 3. Nc3 g6 4. Bg5 Bg7 5. Qd2 h6 6. Bh4 g5 7. Bg3 Nh5 8. O-O-O
Nd7 9. e5 Nb6 10. Qe3 Be6 11. h4 Nxg3 12. Qxg3 Qd7 13. hxg5 O-O-O 14. d5 Bf5 15.
Bb5 c6 16. dxc6 bxc6 17. Ba6+ Kb8 18. Nf3 Bg4 19. exd6 exd6 20. Ne4 Bxf3 21.
Rxd6 Qc7 22. gxf3 Rdg8 23. Rxc6 Qxg3 24. fxg3 hxg5 25. Rxh8 Rxh8 26. Nxg5 Rh1+
27. Kd2 Bxb2 28. Nxf7 Bc1+ 29. Kd3 Rd1+ 30. Ke4 Re1+ 31. Kf5 Re8 32. Ne5 Bb2 33.
f4 Nd5 34. Rc5 Rf8+ 35. Ke4 Nf6+ 36. Kf3 Ba3 37. Rc6 1-0

[Event "TCh-TUR 2014"]
[Site "Konya TUR"]
[Date "2014.06.24"]
[Round "3.3"]
[White "Circi, Fatih"]
[Black "Erdogdu, Mert"]
[Result "0-1"]
[BlackTitle "IM"]
[WhiteElo "2015"]
[BlackElo "2423"]
[WhiteTeam "Karaman Saglik Spor Kulubu"]
[BlackTeam "Kayseri Seker Spor Kulubu"]
[WhiteFideId "6319726"]
[BlackFideId "6301495"]
[EventDate "2014.06.23"]

1. e4 c5 2. c4 Nc6 3. Nc3 d6 4. d3 g6 5. g3 Bg7 6. Bg2 Nf6 7. Nge2 O-O 8. O-O
Ne8 9. h3 Nc7 10. Be3 Ne6 11. Qd2 Ned4 12. f3 a6 13. Bh6 b5 14. Bxg7 Kxg7 15.
Nxd4 Nxd4 16. Ne2 bxc4 17. Qc3 e5 18. Nxd4 cxd4 19. Qxc4 Be6 20. Qa4 Qb6 21. Qa3
Rab8 22. Kh2 Rfc8 23. Rf2 Qb4 24. Qxb4 Rxb4 25. Rd2 Rcb8 26. b3 Rc8 27. Bf1 a5
28. Be2 Rc3 29. Bd1 Rb7 30. h4 f5 31. Kg2 h6 32. Kf2 Rf7 33. Kg2 g5 34. hxg5
hxg5 35. exf5 Bxf5 36. Be2 Rf8 37. g4 Be6 38. Rb1 Rb8 39. Rbb2 Kf6 40. Kf2 Ke7
41. Rdc2 Rbc8 42. Rd2 Rh8 43. Rbc2 d5 44. Rb2 Rb8 45. Bd1 Bf7 46. a3 Bg6 47. Bc2
a4 48. b4 Rxa3 49. b5 Rc3 50. Rb4 a3 51. Bb1 Kd6 52. Ba2 Bxd3 53. Ra4 Bxb5 54.
Rb4 Kc5 55. Rb1 e4 0-1

[Event "TCh-TUR 2014"]
[Site "Konya TUR"]
[Date "2014.06.24"]
[Round "3.3"]
[White "Atalik, Ekaterina"]
[Black "Caglayan, Bengisu"]
[Result "1-0"]
[WhiteTitle "IM"]
[WhiteElo "2433"]
[BlackElo "1496"]
[WhiteTeam "Kayseri Seker Spor Kulubu"]
[BlackTeam "Karaman Saglik Spor Kulubu"]
[WhiteFideId "4130189"]
[BlackFideId "6353177"]
[EventDate "2014.06.23"]

1. d4 d5 2. c4 c6 3. Nc3 Nf6 4. e3 e6 5. Nf3 Nbd7 6. Qc2 Qc7 7. Bd2 Be7 8. Rc1
O-O 9. Bd3 dxc4 10. Bxc4 c5 11. O-O a6 12. dxc5 Bxc5 13. Bd3 Bd6 14. Qb1 Qb8 15.
Ne4 Nxe4 16. Bxe4 Nf6 17. Bc3 e5 18. Rfd1 Bg4 19. h3 Nxe4 20. hxg4 Nxc3 21. Rxc3
g6 22. Qe4 Re8 23. Rcd3 Bf8 24. Rd7 Ra7 25. Qd5 Re7 26. Rxe7 Bxe7 27. Nxe5 Qf8
28. Nd7 Qg7 29. Nb6 Qf8 30. Rc1 Bd8 31. Rc8 Bxb6 32. Rxf8+ Kxf8 33. Qd6+ 1-0